000 00503nam a22001217a 4500
999 _c18802
_d18802
008 210219b xxu||||| |||| 00| 0 eng d
050 _aGMB0178
_b.W36 2016 c.1
100 _aWambugu, Stephen Ndirangu
245 _aassessment of the relationship between organizational alignment and growth of financial institutions in Kenya
_ba survey of commercial banks in Nakuru town
_cStephen Ndirangu Wambugu
260 _aKabarak, Nakuru, Kenya
_bKabarak University
_c2016
300 _a83 leaves
942 _2lcc
_cTHE